Statistics for 90 secs Countries of the World: by same ending letter

Click here to take the quiz!

General Stats

  • This quiz has been taken 7,741 times
  • The average score is 170 of 196

Answer Stats

Country% Correct
Albania
99%
Algeria
99%
Andorra
99%
Angola
99%
Antigua and Barbuda
99%
Argentina
99%
Armenia
99%
Australia
99%
Austria
99%
Bolivia
99%
Bosnia and Herzegovina
99%
Botswana
99%
Bulgaria
99%
Burma
99%
Cambodia
99%
Canada
99%
China
99%
Colombia
99%
Costa Rica
99%
Croatia
99%
Cuba
99%
Dominica
99%
Equatorial Guinea
99%
Eritrea
99%
Estonia
99%
Ethiopia
99%
Federated States of Micronesia
99%
Gambia
99%
Georgia
99%
Ghana
99%
Grenada
99%
Guatemala
99%
Guinea
99%
Guyana
99%
India
99%
Indonesia
99%
Jamaica
99%
Kenya
99%
Latvia
99%
Liberia
99%
Libya
99%
Lithuania
99%
Macedonia
99%
Malaysia
99%
Malta
99%
Mauritania
99%
Moldova
99%
Mongolia
99%
Namibia
99%
Nicaragua
99%
Nigeria
99%
North Korea
99%
Panama
99%
Papua New Guinea
99%
Romania
99%
Russia
99%
Rwanda
99%
Saint Lucia
99%
Samoa
99%
Saudi Arabia
99%
Serbia
99%
Slovakia
99%
Slovenia
99%
Somalia
99%
South Africa
99%
South Korea
99%
Sri Lanka
99%
Syria
99%
Tanzania
99%
Tonga
99%
Tunisia
99%
Uganda
99%
Venezuela
99%
Zambia
99%
Afghanistan
96%
Azerbaijan
96%
Bahrain
96%
Benin
96%
Bhutan
96%
Cameroon
96%
Gabon
96%
Iran
96%
Japan
96%
Jordan
96%
Kazakhstan
96%
Kyrgyzstan
96%
Lebanon
96%
Liechtenstein
96%
Oman
96%
Pakistan
96%
South Sudan
96%
Spain
96%
Sudan
96%
Sweden
96%
Taiwan
96%
Tajikistan
96%
Turkmenistan
96%
Uzbekistan
96%
Yemen
96%
Bahamas
91%
Barbados
91%
Belarus
91%
Comoros
91%
Cyprus
91%
Honduras
91%
Laos
91%
Maldives
91%
Marshall Islands
91%
Mauritius
91%
Netherlands
91%
Philippines
91%
Saint Kitts and Nevis
91%
Saint Vincent and the Grenadines
91%
Seychelles
91%
Solomon Islands
91%
United Arab Emirates
91%
United States
91%
Belize
87%
Cape Verde
87%
Chile
87%
Côte d'Ivoire
87%
France
87%
Greece
87%
Mozambique
87%
São Tomé and Príncipe
87%
Sierra Leone
87%
Singapore
87%
Suriname
87%
Ukraine
87%
Zimbabwe
87%
Germany
82%
Hungary
82%
Italy
82%
Norway
82%
Paraguay
82%
Turkey
82%
Uruguay
82%
Vatican City
82%
Chad
81%
Finland
81%
Iceland
81%
Ireland
81%
New Zealand
81%
Poland
81%
Swaziland
81%
Switzerland
81%
Thailand
81%
Burkina Faso
80%
Democratic Republic of the Congo
80%
Kosovo
80%
Lesotho
80%
Mexico
80%
Monaco
80%
Montenegro
80%
Morocco
80%
Republic of the Congo
80%
San Marino
80%
Togo
80%
Trinidad and Tobago
80%
Belgium
73%
United Kingdom
73%
Vietnam
73%
Brazil
72%
Israel
72%
Nepal
72%
Portugal
72%
Senegal
72%
Brunei
69%
Burundi
69%
Djibouti
69%
Fiji
69%
Haiti
69%
Kiribati
69%
Malawi
69%
Mali
69%
East Timor
60%
Ecuador
60%
El Salvador
60%
Madagascar
60%
Niger
60%
Qatar
60%
Guinea-Bissau
57%
Nauru
57%
Palau
57%
Peru
57%
Tuvalu
57%
Vanuatu
57%
Egypt
43%
Kuwait
43%
Central African Republic
41%
Czech Republic
41%
Dominican Republic
41%
Iraq
38%
Denmark
35%
Bangladesh
24%
Luxembourg
22%

Score Distribution

Percentile by Number Answered

Percent of People with Each Score

Your Score History

You have not taken this quiz